1659 1494 1475 1795 1103 1584 1022 1872 1846 1848 1207 1654 1584 1550 1965 1382 1406 1419 1800 1406 1173 1508 1067 1913 1101 1635 1982 1677 1054 1024 1193 1642 1282 1480 1275 1987 1876 1645 1874 1856 1317 1283 1780 1865 1186 1854 1295 1980 1557 1660 1345 1282 1140 1164 1484 1990 1510 1099 1232 1125 1853 1799 1474 1727 1237 1864 1032 1804 1072 1187 1988 1357 1449 1788 1420 1101 1891 1422 1678 1396 1535 1498 1405 1741 1269 1033 1105 1754 1847 1237 1454 1541 1239 1710 1111 1833 1365 1214 1633 BCNSPRNW ULIB Ver.6.0+V

เปลี่ยนเป็นภาษาไทย

Change to English
 แสดงรายละเอียดบรรณานุกรม
  กลับหน้าหลัก

Brief Record : Get Marc (ISO 2709) : E-mail record : QR code < ปิดหน้าต่าง
LEADER : 00000nam 2200000uu 4500
001    13399114617
003     ULIB
008    120424s2549||||th 000 0 tha d
020    ^a9749498461
060 04 ^aWA546^bส837ก 2549
100 0  ^aสุภาณี อ่อนชื่นจิตร
245 10 ^aการบริการสุขภาพที่บ้าน =^bHome health care service /^cสุภาณี อ่อนชื่นจิต, ฤทัยพร ตรีตรง
246 31 ^aHome health care service
250    ^aพิมพ์ครั้งที่ 2
260    ^aสงขลา :^bคณะพยาบาลศาสตร์ มหาวิทยาลัยสงขลานครินทร์,^c2549
300    ^a144 หน้า ;^c26 ซม.
650  7 ^aผู้ป่วยที่บ้าน, บริการ
700 0  ^aฤทัยพร ตรีตรัง
710 2  ^aมหาวิทยาลัยสงขลานครินทร์. ^bคณะพยาบาลศาสตร์
945    ^p180^l0^i14161
945    ^p180^l0^i14162
995    ^aกัณชพร
999    ^aใช้งานได้ทุกระบบ
รายการนี้ยังไม่มีแท็ก
คุณยังไม่ได้ล็อกอิน คุณสามารถมีกิจกรรมร่วมกับเว็บไซต์ได้ แต่ต้องล็อกอินก่อน ::
  ล็อกอิน

รายการสื่อสารสนเทศ

ลำดับที่ ประเภท เลขเรียก/บาร์โค้ด สถานที่ สถานะ
- ไม่พบข้อมูล -

รายการใกล้เคียง
    หัวเรื่อง [ผู้ป่วยที่บ้าน, บริการ]

BibComment


ยังไม่เคยถูกคอมเมนท์

คอมเมนท์ทรัพยากรรายการนี้
  คอมเมนท์: การบริการสุขภาพท..


 Copyright 2026. Bcnsprnw @Library